[Event "Titled Tuesday intern op 14th April"]
[Site "Chess.com INT"]
[Date "2020.04.14"]
[Round "9"]
[White "Kanefsck, Gustavo"]
[Black "Terletsky, Oleg"]
[Result "1-0"]
[WhiteElo "2290"]
[BlackElo "2307"]
[PlyCount "125"]
[EventDate "2020.04.14"]
[EventType "swiss (blitz)"]
[EventRounds "10"]
[EventCountry "USA"]
[SourceTitle "EXT 2021"]
[Source "ChessBase"]
[SourceDate "2020.10.23"]
[SourceVersion "1"]
[SourceVersionDate "2020.10.23"]
[SourceQuality "1"]

1. d4 Nf6 2. Nf3 g6 3. c4 Bg7 4. Nc3 0-0 5. e4 d6 6. Be2 e5 7. d5 a5 8. Be3 Ng4 9. Bg5 f6 10. Bh4 g5 11. Bg3 Nh6 12. Nd2 f5 13. exf5 Nxf5 14. Nde4 Na6 15. Bg4 b6 16. Bxf5 Bxf5 17. Qh5 h6 18. h4 g4 19. f3 Qd7 20. 0-0 Nb4 21. Rad1 Nc2 22. Bf2 gxf3 23. Qxf3 Bg4 24. Qg3 Bxd1 25. Rxd1 Rf4 26. Qd3 Nd4 27. Re1 Raf8 28. Qg3 Rg4 29. Qh3 Qf5 30. Re3 Qg6 31. h5 Qf5 32. Kh1 Kh8 33. Bg1 Rf4 34. Qxf5 Nxf5 35. Rh3 Rf1 36. g4 Nd4 37. Kg2 Rc1 38. g5 Rc2+ 39. Bf2 Rf4 40. gxh6 Bxh6 41. Rg3 Rf5 42. Rg6 Rxh5 43. Kf1 Bg7 44. Ng5 Rh4 45. Bxh4 Bh6 46. Nf7+ Kh7 47. Rxh6+ Kg7 48. Rf6 Ne2 49. Rf2 Ng3+ 50. Bxg3 Rc1+ 51. Kg2 Rb1 52. Ng5 Rc1 53. Ne6+ Kg6 54. Ne4 Kh6 55. Rf6+ Kh5 56. N4g5 Kg4 57. Ne4 Rc2+ 58. Nf2+ Kh5 59. Rf5+ Kg6 60. Rg5+ Kf7 61. Bh4 e4 62. Rg7+ Ke8 63. Re7# 1-0

[Event "Mar del Plata Duchamp op 45th"]
[Site "Mar del Plata"]
[Date "2014.04.17"]
[Round "7"]
[White "Kanefsck, Gustavo"]
[Black "Garcia Palermo, Carlos H"]
[Result "0-1"]
[WhiteElo "2328"]
[BlackElo "2455"]
[PlyCount "67"]
[EventDate "2014.04.12"]
[EventType "swiss"]
[EventRounds "9"]
[EventCountry "ARG"]
[SourceTitle "CBM 159 Extra"]
[Source "ChessBase"]
[SourceDate "2014.04.24"]
[SourceVersion "1"]
[SourceVersionDate "2014.04.24"]
[SourceQuality "1"]

1. d4 Nf6 2. Nf3 e6 3. e3 d6 4. b3 g6 5. Bb2 Bg7 6. Be2 0-0 7. 0-0 b6 8. c4 Bb7 9. Nc3 Qe7 10. Qc2 c5 11. dxc5 bxc5 12. Rfd1 Nc6 13. a3 Rfd8 14. Rd2 Rab8 15. Rb1 Ba8 16. Ba1 Ne8 17. Ne1 f5 18. Bf3 Nf6 19. Rbd1 a6 20. Nd3 g5 21. h3 h5 22. h4 g4 23. Bxc6 Bxc6 24. Nf4 Kf7 25. Nce2 Be4 26. Qc3 e5 27. Nd5 Bxd5 28. Rxd5 Nxd5 29. Rxd5 Qxh4 30. b4 cxb4 31. axb4 Qg5 32. b5 axb5 33. Rxb5 Rxb5 34. cxb5 0-1

[Event "Buenos Aires Duchamp Memorial op 5th"]
[Site "Buenos Aires"]
[Date "2013.03.24"]
[Round "1"]
[White "Kanefsck, Gustavo"]
[Black "Espindola, Juan Carlos"]
[Result "1-0"]
[WhiteElo "2341"]
[BlackElo "1902"]
[PlyCount "37"]
[EventDate "2013.03.23"]
[EventType "swiss"]
[EventRounds "8"]
[EventCountry "ARG"]
[SourceTitle "CBM 153 Extra"]
[Source "ChessBase"]
[SourceDate "2013.04.22"]
[SourceVersion "1"]
[SourceVersionDate "2013.04.22"]
[SourceQuality "1"]

1. d4 f5 2. Nc3 Nf6 3. Bg5 g6 4. Bxf6 exf6 5. e3 d5 6. h4 c6 7. Qf3 b5 8. Bd3 b4 9. Nce2 Ba6 10. h5 Bxd3 11. cxd3 Rg8 12. hxg6 hxg6 13. Rh7 Bd6 14. Nf4 Bxf4 15. Qxf4 Na6 16. Ne2 Qb8 17. Rc1 Qxf4 18. Nxf4 Nb8 19. Nxd5 1-0

[Event "Buenos Aires Duchamp Memorial op 5th"]
[Site "Buenos Aires"]
[Date "2013.03.24"]
[Round "2"]
[White "Postolski, Javier"]
[Black "Kanefsck, Gustavo"]
[Result "0-1"]
[WhiteElo "2043"]
[BlackElo "2341"]
[PlyCount "82"]
[EventDate "2013.03.23"]
[EventType "swiss"]
[EventRounds "8"]
[EventCountry "ARG"]
[SourceTitle "CBM 153 Extra"]
[Source "ChessBase"]
[SourceDate "2013.04.22"]
[SourceVersion "1"]
[SourceVersionDate "2013.04.22"]
[SourceQuality "1"]

1. e4 c5 2. Nf3 d6 3. d4 cxd4 4. Nxd4 Nf6 5. Nc3 Nc6 6. Be2 g6 7. Be3 Bg7 8. Qd2 0-0 9. 0-0 Nxd4 10. Bxd4 Be6 11. Rad1 a6 12. Qe3 b5 13. a3 Rc8 14. f4 Bc4 15. e5 Ne8 16. Rd2 Bxe2 17. Nxe2 Qc7 18. Nc3 dxe5 19. fxe5 Qc4 20. Bb6 e6 21. Rd4 Qc6 22. Bd8 Qc5 23. Bf6 Bxf6 24. exf6 Rd8 25. Rd3 Qxe3+ 26. Rxe3 Nd6 27. Ne4 Nc4 28. Rh3 Nxb2 29. Ng5 h5 30. g4 Rd5 31. Ne4 hxg4 32. Rh4 Rc8 33. Rf2 Nc4 34. h3 g3 35. Nxg3 Ne3 36. Re4 Nxc2 37. h4 Rd3 38. Rg4 Ne3 39. Rg5 Rc1+ 40. Kh2 Rc4 41. Kh3 Nf5 0-1

[Event "American Continental 08th"]
[Site "Mar del Plata"]
[Date "2012.10.19"]
[Round "9"]
[White "Martinez de Negri, Agustin Gonzalo"]
[Black "Kanefsck, Gustavo"]
[Result "1/2-1/2"]
[WhiteElo "2123"]
[BlackElo "2358"]
[PlyCount "88"]
[EventDate "2012.10.12"]
[EventType "swiss"]
[EventRounds "11"]
[EventCountry "ARG"]
[SourceTitle "EXT 2013"]
[Source "ChessBase"]
[SourceDate "2012.11.22"]
[SourceVersion "1"]
[SourceVersionDate "2012.11.22"]
[SourceQuality "1"]

1. e4 c6 2. d4 d5 3. Nc3 dxe4 4. Nxe4 Bf5 5. Ng3 Bg6 6. h4 h6 7. Nf3 Nd7 8. h5 Bh7 9. Bd3 Bxd3 10. Qxd3 Ngf6 11. Bd2 e6 12. 0-0-0 Qc7 13. Kb1 0-0-0 14. Ne4 Nc5 15. Nxc5 Bxc5 16. c4 Bb6 17. Bc3 Qe7 18. Qc2 Kb8 19. Ne5 Ka8 20. f3 c5 21. dxc5 Bxc5 22. g4 Bd6 23. Rxd6 Rxd6 24. Bb4 Rhd8 25. Bxd6 Rxd6 26. Rd1 Rxd1+ 27. Qxd1 a6 28. Qd4 Ne8 29. c5 Qc7 30. Nd7 Qg3 31. Nb6+ Ka7 32. a4 Nf6 33. Ka2 Qc7 34. a5 Kb8 35. g5 e5 36. Qb4 hxg5 37. c6 Qxc6 38. Qf8+ Ne8 39. Qxf7 Ka7 40. Qf8 Qb5 41. b4 Qe2+ 42. Kb3 Qd3+ 43. Kb2 Qd2+ 44. Kb3 Qd3+ 1/2-1/2

[Event "American Continental 08th"]
[Site "Mar del Plata"]
[Date "2012.10.16"]
[Round "6"]
[White "Kanefsck, Gustavo"]
[Black "Palmiotto, Marcos Ivan"]
[Result "1/2-1/2"]
[WhiteElo "2358"]
[BlackElo "1985"]
[PlyCount "48"]
[EventDate "2012.10.12"]
[EventType "swiss"]
[EventRounds "11"]
[EventCountry "ARG"]
[SourceTitle "EXT 2013"]
[Source "ChessBase"]
[SourceDate "2012.11.22"]
[SourceVersion "1"]
[SourceVersionDate "2012.11.22"]
[SourceQuality "1"]

1. d4 Nf6 2. Nf3 g6 3. c4 Bg7 4. Nc3 d5 5. cxd5 Nxd5 6. g3 0-0 7. Bg2 c5 8. 0-0 cxd4 9. Nxd4 Nxc3 10. bxc3 a6 11. Rb1 e5 12. Nb3 Qc7 13. Ba3 Rd8 14. Qc1 Bf5 15. e4 Bc8 16. Qe3 b6 17. Rfd1 Nc6 18. Nd2 b5 19. Bc5 Rb8 20. a4 Bg4 21. f3 Be6 22. axb5 axb5 23. Bf1 Na5 24. Bb4 Nc4 1/2-1/2

[Event "American Continental 08th"]
[Site "Mar del Plata"]
[Date "2012.10.13"]
[Round "2"]
[White "Kanefsck, Gustavo"]
[Black "Andrade, Roberto Luiz Costa"]
[Result "1-0"]
[WhiteElo "2358"]
[BlackElo "2187"]
[PlyCount "72"]
[EventDate "2012.10.12"]
[EventType "swiss"]
[EventRounds "11"]
[EventCountry "ARG"]
[SourceTitle "EXT 2013"]
[Source "ChessBase"]
[SourceDate "2012.11.22"]
[SourceVersion "1"]
[SourceVersionDate "2012.11.22"]
[SourceQuality "1"]

1. d4 d5 2. Nf3 Nf6 3. c4 c6 4. Qc2 g6 5. e3 Bf5 6. Bd3 Bg7 7. Nc3 0-0 8. 0-0 Nbd7 9. e4 dxe4 10. Nxe4 Nxe4 11. Bxe4 Bxe4 12. Qxe4 Nf6 13. Qh4 Qa5 14. Re1 Rfe8 15. Bg5 Qb4 16. b3 Qc3 17. Rad1 a5 18. Re3 Qc2 19. Rd2 Qf5 20. Re5 Qd7 21. Rde2 a4 22. h3 axb3 23. axb3 h5 24. R5e3 Rad8 25. Bf4 Ra8 26. Bg3 Ra1+ 27. Kh2 Rd1 28. Qg5 Bf8 29. Be5 Nh7 30. Qg3 Ra8 31. Re1 Raa1 32. Rxd1 Rxd1 33. Nh4 Bh6 34. Nxg6 Bxe3 35. Nf4+ Kf8 36. fxe3 f6 1-0

[Event "American Continental 08th"]
[Site "Mar del Plata"]
[Date "2012.10.12"]
[Round "1"]
[White "Maldonado, Federico"]
[Black "Kanefsck, Gustavo"]
[Result "0-1"]
[WhiteElo "1973"]
[BlackElo "2358"]
[PlyCount "46"]
[EventDate "2012.10.12"]
[EventType "swiss"]
[EventRounds "11"]
[EventCountry "ARG"]
[SourceTitle "EXT 2013"]
[Source "ChessBase"]
[SourceDate "2012.11.22"]
[SourceVersion "1"]
[SourceVersionDate "2012.11.22"]
[SourceQuality "1"]

1. d4 d5 2. c4 Nc6 3. Nf3 Bg4 4. cxd5 Bxf3 5. gxf3 Qxd5 6. e3 e5 7. Nc3 Bb4 8. Bd2 Bxc3 9. bxc3 Nf6 10. Rg1 exd4 11. cxd4 0-0 12. Be2 Rfe8 13. Bc3 Rad8 14. Qd2 Qh5 15. 0-0-0 Nd5 16. Bb2 Qxh2 17. e4 Nf4 18. Bc4 Ne5 19. d5 Nxc4 20. Rxg7+ Kf8 21. Qb4+ Nd6 22. Kb1 Ng6 23. Rg1 Qxg1+ 0-1

[Event "Pereyra Puebla Memorial 06th"]
[Site "Mendoza"]
[Date "2007.12.22"]
[Round "9"]
[White "Kanefsck, Gustavo"]
[Black "Pereyra, Juan1111"]
[Result "1/2-1/2"]
[WhiteElo "2387"]
[BlackElo "2222"]
[PlyCount "21"]
[EventDate "2007.12.14"]
[EventType "swiss"]
[EventRounds "9"]
[EventCountry "ARG"]
[SourceTitle "CBM 121 Extra"]
[Source "ChessBase"]
[SourceDate "2008.01.10"]
[SourceVersion "1"]
[SourceVersionDate "2008.01.10"]
[SourceQuality "1"]

1. e4 g6 2. d4 Bg7 3. Nf3 d6 4. h3 e6 5. c4 Nc6 6. Be3 e5 7. Nc3 exd4 8. Nxd4 Nge7 9. Be2 0-0 10. 0-0 f5 11. exf5 1/2-1/2

[Event "Pereyra Puebla Memorial 06th"]
[Site "Mendoza"]
[Date "2007.12.21"]
[Round "8"]
[White "Luconi, Cristian"]
[Black "Kanefsck, Gustavo"]
[Result "1/2-1/2"]
[WhiteElo "2297"]
[BlackElo "2387"]
[PlyCount "26"]
[EventDate "2007.12.14"]
[EventType "swiss"]
[EventRounds "9"]
[EventCountry "ARG"]
[SourceTitle "CBM 121 Extra"]
[Source "ChessBase"]
[SourceDate "2008.01.10"]
[SourceVersion "1"]
[SourceVersionDate "2008.01.10"]
[SourceQuality "1"]

1. d4 Nf6 2. Nf3 e6 3. Bg5 Be7 4. Nbd2 d5 5. e3 b6 6. Bd3 Bb7 7. Ne5 Nfd7 8. Bf4 Nxe5 9. Bxe5 Bf6 10. Bxf6 Qxf6 11. Qf3 Qxf3 12. Nxf3 Nd7 13. 0-0 Ke7 1/2-1/2

[Event "Pereyra Puebla Memorial 06th"]
[Site "Mendoza"]
[Date "2007.12.17"]
[Round "4"]
[White "Kanefsck, Gustavo"]
[Black "Mavrich, Leandro"]
[Result "1/2-1/2"]
[WhiteElo "2387"]
[BlackElo "2205"]
[PlyCount "38"]
[EventDate "2007.12.14"]
[EventType "swiss"]
[EventRounds "9"]
[EventCountry "ARG"]
[SourceTitle "CBM 121 Extra"]
[Source "ChessBase"]
[SourceDate "2008.01.10"]
[SourceVersion "1"]
[SourceVersionDate "2008.01.10"]
[SourceQuality "1"]

1. e4 c5 2. Nf3 d6 3. c3 Nf6 4. Be2 e6 5. 0-0 Nc6 6. d3 Be7 7. Re1 0-0 8. Bf1 a6 9. d4 cxd4 10. cxd4 b5 11. a3 Bb7 12. d5 exd5 13. exd5 Ne5 14. Nc3 Ned7 15. Qd4 Nc5 16. Rb1 Ne8 17. Ne4 Nc7 18. b4 Nxe4 19. Qxe4 Re8 1/2-1/2

[Event "Mar del Plata op 38th"]
[Site "Mar del Plata"]
[Date "2007.04.05"]
[Round "7"]
[White "Kanefsck, Gustavo"]
[Black "Aguilar, Andres"]
[Result "1/2-1/2"]
[WhiteElo "2390"]
[BlackElo "2258"]
[PlyCount "21"]
[EventDate "2007.03.31"]
[EventType "swiss"]
[EventRounds "9"]
[EventCountry "ARG"]
[SourceTitle "CBM 117 Extra"]
[Source "ChessBase"]
[SourceDate "2007.05.09"]
[SourceVersion "1"]
[SourceVersionDate "2007.05.09"]
[SourceQuality "1"]

1. e4 e5 2. Nf3 Nf6 3. Nxe5 d6 4. Nf3 Nxe4 5. Nc3 Nxc3 6. dxc3 Be7 7. Bf4 Nd7 8. Qd2 0-0 9. 0-0-0 Nc5 10. Bc4 Be6 11. Bxe6 1/2-1/2

[Event "Mar del Plata op 38th"]
[Site "Mar del Plata"]
[Date "2007.04.02"]
[Round "4"]
[White "Rodriguez Vila, Andres"]
[Black "Kanefsck, Gustavo"]
[Result "1-0"]
[WhiteElo "2538"]
[BlackElo "2390"]
[PlyCount "61"]
[EventDate "2007.03.31"]
[EventType "swiss"]
[EventRounds "9"]
[EventCountry "ARG"]
[SourceTitle "CBM 117 Extra"]
[Source "ChessBase"]
[SourceDate "2007.05.09"]
[SourceVersion "1"]
[SourceVersionDate "2007.05.09"]
[SourceQuality "1"]

1. f4 b6 2. e4 Bb7 3. Nc3 e6 4. Nf3 c5 5. d3 d6 6. g4 h5 7. g5 g6 8. Bh3 Ne7 9. 0-0 Nbc6 10. Qe1 Qd7 11. Nd5 Bg7 12. Nf6+ Bxf6 13. gxf6 Ng8 14. f5 gxf5 15. exf5 e5 16. Bg5 0-0-0 17. Qd2 Re8 18. Nh4 Kb8 19. c3 d5 20. Rae1 Ka8 21. Bg2 Qd6 22. Ng6 Rh7 23. Nxe5 Nxe5 24. d4 cxd4 25. cxd4 Nf3+ 26. Rxf3 Rc8 27. Rc3 Rf8 28. Rce3 Rd8 29. Re8 Rh8 30. Qb4 Qd7 31. Qf8 1-0

[Event "Mar del Plata op"]
[Site "Mar del Plata"]
[Date "2004.04.05"]
[Round "3"]
[White "Celestino, Guillermo"]
[Black "Kanefsck, Gustavo"]
[Result "1/2-1/2"]
[WhiteElo "2206"]
[BlackElo "2401"]
[PlyCount "22"]
[EventDate "2004.04.02"]
[EventType "swiss"]
[EventRounds "9"]
[EventCountry "ARG"]
[SourceTitle "CBM 099 Extra"]
[Source "ChessBase"]
[SourceDate "2004.05.04"]
[SourceVersion "1"]
[SourceVersionDate "2004.05.04"]
[SourceQuality "1"]

1. e4 c6 2. d4 d5 3. exd5 cxd5 4. c4 Nf6 5. Nc3 e6 6. Bg5 Be7 7. Nf3 Nc6 8. c5 0-0 9. Bb5 Ne4 10. Nxe4 dxe4 11. Bxc6 bxc6 1/2-1/2

[Event "Mar del Plata op"]
[Site "Mar del Plata"]
[Date "2004.04.05"]
[Round "4"]
[White "Kanefsck, Gustavo"]
[Black "Fuentes Vasallo, Eduardo Alberto"]
[Result "1-0"]
[WhiteElo "2401"]
[BlackElo "2141"]
[PlyCount "55"]
[EventDate "2004.04.02"]
[EventType "swiss"]
[EventRounds "9"]
[EventCountry "ARG"]
[SourceTitle "CBM 099 Extra"]
[Source "ChessBase"]
[SourceDate "2004.05.04"]
[SourceVersion "1"]
[SourceVersionDate "2004.05.04"]
[SourceQuality "1"]

1. e4 c5 2. Nf3 Nc6 3. Bb5 e6 4. 0-0 Nge7 5. Re1 d5 6. exd5 Qxd5 7. Ne5 Bd7 8. Nc3 Qd6 9. Nxd7 Qxd7 10. Ne4 Nd5 11. b3 a6 12. Bxc6 Qxc6 13. Bb2 0-0-0 14. a3 f6 15. Qf3 Kb8 16. d3 e5 17. Ng3 Ne7 18. Re4 Ng6 19. Nh5 Rd7 20. Rae1 Bd6 21. Bc1 Rc8 22. Qh3 Ka8 23. Rc4 Bf8 24. Be3 Qd5 25. Ng3 h6 26. b4 Rdc7 27. Rb1 cxb4 28. Qxc8+ 1-0

[Event "American Continental 02nd"]
[Site "Buenos Aires"]
[Date "2003.08.27"]
[Round "9"]
[White "Labollita, Martin"]
[Black "Kanefsck, Gustavo"]
[Result "0-1"]
[WhiteElo "2454"]
[BlackElo "2389"]
[PlyCount "68"]
[EventDate "2003.08.17"]
[EventType "swiss"]
[EventRounds "11"]
[EventCountry "ARG"]
[SourceTitle "CBM 097"]
[Source "ChessBase"]
[SourceDate "2003.11.11"]
[SourceVersion "1"]
[SourceVersionDate "2003.11.11"]
[SourceQuality "1"]

1. Nf3 d5 2. c4 c6 3. d4 Nf6 4. Nc3 e6 5. Bg5 dxc4 6. e4 b5 7. e5 h6 8. Bh4 g5 9. Nxg5 hxg5 10. Bxg5 Be7 11. Bxf6 Bxf6 12. exf6 Qxf6 13. g3 Na6 14. Bg2 Bb7 15. Nxb5 0-0-0 16. Na3 Rxd4 17. Qf3 Qe5+ 18. Qe3 Qa5+ 19. Qc3 Qe5+ 20. Qe3 Qa5+ 21. Qc3 Qe5+ 22. Kf1 Rhd8 23. Re1 Qc5 24. h4 Nb4 25. Kg1 Nd3 26. Rf1 Rg4 27. Rh3 Rdg8 28. b4 Nxb4 29. h5 Nd3 30. h6 Nf4 31. Kh2 Nxh3 32. h7 Nxf2 33. h8Q Rxg3 34. Bf3 Qd6 0-1

[Event "Mar del Plata op 34th"]
[Site "Mar del Plata"]
[Date "2003.04.18"]
[Round "8"]
[White "Kanefsck, Gustavo"]
[Black "Pierrot, Juan Facundo"]
[Result "1/2-1/2"]
[WhiteElo "2388"]
[BlackElo "2426"]
[PlyCount "62"]
[EventDate "2003.04.12"]
[EventType "swiss"]
[EventRounds "9"]
[EventCountry "ARG"]
[SourceTitle "CBM 093 Extra"]
[Source "ChessBase"]
[SourceDate "2003.05.09"]
[SourceVersion "1"]
[SourceVersionDate "2003.05.09"]
[SourceQuality "1"]

1. e4 e5 2. Nf3 Nf6 3. Nxe5 d6 4. Nf3 Nxe4 5. d4 d5 6. Bd3 Bd6 7. 0-0 0-0 8. c4 c6 9. cxd5 cxd5 10. Nc3 Nxc3 11. bxc3 Bg4 12. h3 Bh5 13. Rb1 Nd7 14. Rb5 Nb6 15. c4 Bxf3 16. Qxf3 dxc4 17. Bc2 Qd7 18. a4 g6 19. Bd2 c3 20. Bxc3 Rac8 21. d5 Qc7 22. Ba1 Nd7 23. Bd3 b6 24. Rbb1 Be5 25. Bb5 Bxa1 26. Rxa1 Qd6 27. Rfe1 Rc5 28. Bxd7 Qxd7 29. Rad1 Qd6 30. Rd4 Rd8 31. Red1 Kg7 1/2-1/2

[Event "Mar del Plata op 34th"]
[Site "Mar del Plata"]
[Date "2003.04.16"]
[Round "6"]
[White "Kanefsck, Gustavo"]
[Black "Atalik, Suat"]
[Result "0-1"]
[WhiteElo "2388"]
[BlackElo "2568"]
[PlyCount "60"]
[EventDate "2003.04.12"]
[EventType "swiss"]
[EventRounds "9"]
[EventCountry "ARG"]
[SourceTitle "EXT 2004"]
[Source "ChessBase"]
[SourceDate "2003.11.25"]
[SourceVersion "1"]
[SourceVersionDate "2003.11.25"]
[SourceQuality "1"]

1. e4 e6 2. d4 d5 3. Nc3 Bb4 4. e5 Ne7 5. a3 Bxc3+ 6. bxc3 c5 7. a4 Qc7 8. Nf3 b6 9. Bb5+ Bd7 10. Bd3 Nbc6 11. 0-0 h6 12. Re1 0-0 13. Ba3 Na5 14. dxc5 bxc5 15. Nd2 Bxa4 16. Qg4 Be8 17. Nf3 Nac6 18. Bc1 f5 19. exf6 Rxf6 20. c4 Bg6 21. Bb2 Bf5 22. Qh5 d4 23. Ba3 Ng6 24. Bxf5 exf5 25. Bxc5 Nf4 26. Re8+ Rxe8 27. Qxe8+ Kh7 28. Re1 Qa5 29. Bxd4 Nxd4 30. Nxd4 Re6 0-1

[Event "Mar del Plata op 34th"]
[Site "Mar del Plata"]
[Date "2003.04.13"]
[Round "3"]
[White "Da Silva, Alessandro Rodrigue"]
[Black "Kanefsck, Gustavo"]
[Result "0-1"]
[WhiteElo "2108"]
[BlackElo "2388"]
[PlyCount "74"]
[EventDate "2003.04.12"]
[EventType "swiss"]
[EventRounds "9"]
[EventCountry "ARG"]
[SourceTitle "CBM 093 Extra"]
[Source "ChessBase"]
[SourceDate "2003.05.09"]
[SourceVersion "1"]
[SourceVersionDate "2003.05.09"]
[SourceQuality "1"]

1. e4 c6 2. d4 d5 3. exd5 cxd5 4. c4 Nf6 5. Nc3 Nc6 6. Nf3 Be6 7. c5 Bg4 8. Bb5 Rc8 9. Qd3 Bxf3 10. Qxf3 g6 11. Bg5 Bg7 12. 0-0 0-0 13. Bxc6 bxc6 14. Rfe1 Kh8 15. Rab1 Ng8 16. Qd3 Qd7 17. Bf4 Qg4 18. Be5 f6 19. Bg3 Rfe8 20. h3 Qd7 21. b4 Nh6 22. b5 cxb5 23. Rxb5 Red8 24. Reb1 e5 25. Rb7 Qf5 26. Qd1 Qe6 27. dxe5 Nf5 28. Bf4 g5 29. exf6 Bxf6 30. Bd2 Rxc5 31. Na4 Rc4 32. Rxa7 Qe4 33. Rbb7 Nh4 34. Rxh7+ Kg8 35. Rxh4 gxh4 36. Qh5 Qb1+ 37. Kh2 Qb8+ 0-1

[Event "Mar del Plata op"]
[Site "Mar del Plata"]
[Date "2002.03.29"]
[Round "8"]
[White "Kanefsck, Gustavo"]
[Black "Cristobal, Ruben"]
[Result "1-0"]
[WhiteElo "2395"]
[BlackElo "2317"]
[PlyCount "71"]
[EventDate "2002.03.23"]
[EventType "swiss"]
[EventRounds "9"]
[EventCountry "ARG"]
[SourceTitle "CBM 087 Extra"]
[Source "ChessBase"]
[SourceDate "2002.05.03"]
[SourceVersion "2"]
[SourceVersionDate "2002.08.09"]
[SourceQuality "1"]

1. e4 e5 2. Nf3 Nf6 3. Nxe5 d6 4. Nf3 Nxe4 5. d4 d5 6. Bd3 Nc6 7. 0-0 Bg4 8. c4 f5 9. Nc3 dxc4 10. Bxc4 Bxf3 11. Qxf3 Nxd4 12. Qh3 Qd7 13. Nxe4 fxe4 14. Qh5+ Kd8 15. Bg5+ Kc8 16. Rfd1 g6 17. Rxd4 gxh5 18. Be6 Bd6 19. Rxd6 cxd6 20. Rc1+ Kb8 21. Bxd7 a5 22. a4 Ka7 23. Be3+ Kb8 24. g3 Rd8 25. Bb5 h4 26. Bb6 Rg8 27. Kf1 d5 28. Ke2 Rg6 29. Bd4 hxg3 30. hxg3 Rg8 31. Rc5 Rd8 32. Ke3 h5 33. b3 Ra7 34. Rc2 Ra8 35. Kf4 b6 36. Be5+ 1-0

[Event "Mar del Plata op"]
[Site "Mar del Plata"]
[Date "2002.03.28"]
[Round "7"]
[White "Leskovar, Matias"]
[Black "Kanefsck, Gustavo"]
[Result "1/2-1/2"]
[WhiteElo "2061"]
[BlackElo "2395"]
[PlyCount "36"]
[EventDate "2002.03.23"]
[EventType "swiss"]
[EventRounds "9"]
[EventCountry "ARG"]
[SourceTitle "CBM 087 Extra"]
[Source "ChessBase"]
[SourceDate "2002.05.03"]
[SourceVersion "2"]
[SourceVersionDate "2002.08.09"]
[SourceQuality "1"]

1. e4 c6 2. d4 d5 3. exd5 cxd5 4. c4 Nf6 5. Nc3 e6 6. Nf3 Be7 7. Bd3 dxc4 8. Bxc4 0-0 9. 0-0 Nc6 10. a3 b6 11. Bg5 Bb7 12. Qd3 Nd5 13. Bxd5 Bxg5 14. Be4 h6 15. d5 exd5 16. Bxd5 Ne7 17. Nxg5 hxg5 18. Rad1 Nxd5 1/2-1/2

[Event "Mar del Plata-ch KO"]
[Site "Mar del Plata"]
[Date "2001.11.19"]
[Round "4.1"]
[White "Loiterstein, Mariano"]
[Black "Kanefsck, Gustavo"]
[Result "0-1"]
[WhiteElo "2244"]
[BlackElo "2396"]
[PlyCount "68"]
[EventDate "2001.10.31"]
[EventType "k.o."]
[EventRounds "5"]
[EventCountry "ARG"]
[SourceTitle "EXT 2003"]
[Source "ChessBase"]
[SourceDate "2002.11.25"]
[SourceVersion "1"]
[SourceVersionDate "2002.11.25"]
[SourceQuality "1"]

1. d4 d5 2. c4 c6 3. Nf3 Nf6 4. Qc2 e6 5. g3 Bd6 6. Nbd2 Nbd7 7. Bg2 0-0 8. 0-0 Re8 9. b3 e5 10. cxd5 cxd5 11. dxe5 Nxe5 12. Bb2 Nc6 13. e3 Bg4 14. Rac1 Bh5 15. a3 Bg6 16. Qd1 a5 17. Nh4 Bd3 18. Ndf3 Bxf1 19. Bxf1 Bf8 20. Nf5 g6 21. N5d4 Nxd4 22. Nxd4 Rc8 23. Rxc8 Qxc8 24. Nb5 Qc6 25. Bd3 Bg7 26. Nd4 Qb6 27. Qc1 Ne4 28. Bb5 Rd8 29. a4 h5 30. Kg2 h4 31. f3 Ng5 32. Qd2 h3+ 33. Kf2 Rc8 34. Bc3 Qf6 0-1

[Event "Mar del Plata-ch KO"]
[Site "Mar del Plata"]
[Date "2001.11.07"]
[Round "2.2"]
[White "Kanefsck, Gustavo"]
[Black "Bonifazi, Mariano"]
[Result "1-0"]
[WhiteElo "2396"]
[BlackElo "2070"]
[PlyCount "77"]
[EventDate "2001.10.31"]
[EventType "k.o."]
[EventRounds "5"]
[EventCountry "ARG"]
[SourceTitle "EXT 2003"]
[Source "ChessBase"]
[SourceDate "2002.11.25"]
[SourceVersion "1"]
[SourceVersionDate "2002.11.25"]
[SourceQuality "1"]

1. e4 c5 2. Nf3 d6 3. c3 Nf6 4. Be2 Nbd7 5. d3 e6 6. 0-0 Be7 7. Re1 0-0 8. Nbd2 Qc7 9. d4 b6 10. Bd3 cxd4 11. cxd4 Rd8 12. Qe2 Nf8 13. Nb3 Ng6 14. Bd2 a6 15. Rac1 Qd7 16. d5 e5 17. Rc6 Nh5 18. g3 Qh3 19. Qf1 Qg4 20. Qg2 Rf8 21. Rec1 Bd7 22. Rxb6 Bb5 23. Ne1 Bxd3 24. Nxd3 Qe2 25. Ne1 Qg4 26. Rb7 Nf6 27. f3 Qh5 28. g4 Qh4 29. Qg3 Qxg3+ 30. hxg3 h5 31. gxh5 Nxh5 32. g4 Ng3 33. Rc4 Bh4 34. Nd3 Ne2+ 35. Kf1 Ng3+ 36. Kg2 a5 37. Nbc1 Rab8 38. Rxb8 Rxb8 39. b3 1-0